Elements Starting With A - One Minute Sprint - Statistics

General Stats
  • This quiz has been taken 27 times
    20 since last reset
  • The average score is 5 of 7
Answer Stats
element % Correct
Aluminium
94%
Argon
94%
Arsenic
67%
Astatine
67%
Americium
61%
Antimony
61%
Actinium
50%
No matching quizzes found
Score Distribution
Percent of People with Each Score
Percentile by Number Answered
Your Score History
You have not taken this quiz since the last reset